Discursos parlamentarios 1867-1869 / (Record no. 39649)

MARC details
000 -LEADER
campo de control de longitud fija 01311nam a2200229 i 4500
001 - NÚMERO DE CONTROL
campo de control 39649
003 - IDENTIFICADOR DE NÚMERO DE CONTROL
campo de control ES-MaACL
005 - FECHA Y HORA DE LA ÚLTIMA TRANSACCIÓN
campo de control 20250725093848.0
007 - CAMPO FIJO DE DESCRIPCIÓN FÍSICA--INFORMACIÓN GENERAL
campo de control de longitud fija t|
008 - DATOS DE LONGITUD FIJA--INFORMACIÓN GENERAL
campo de control de longitud fija 030303q1869 sp ||||1| spa d
100 1# - ENTRADA PRINCIPAL--NOMBRE DE PERSONA
Nombre de persona Cánovas del Castillo, Antonio,
Fechas asociadas al nombre 1828-1897
9 (RLIN) 34600
245 10 - MENCIÓN DEL TÍTULO
Título Discursos parlamentarios 1867-1869 /
Mención de responsabilidad, etc. Antonio Cánovas del Castillo.
260 ## - PUBLICACIÓN, DISTRIBUCIÓN, ETC.
Lugar de publicación, distribución, etc. Madrid :
Nombre del editor, distribuidor, etc. [s.n.,
Fecha de publicación, distribución, etc. 1869] (
Fabricante Diego Valero)
300 ## - DESCRIPCIÓN FÍSICA
Extensión 1 v.
505 8# - NOTA DE CONTENIDO CON FORMATO
Nota de contenido con formato Contiene: Discurso pronunciado en la sesión del Congreso el día 11 de abril de 1867 ; Discurso pronunciado en la sesión del Congreso el día 5 de junio de 1867 ; Discurso pronunciado en la sesión del Congreso el día 15 de junio de 1867 contra el proyecto de reglamento ; Discurso pronunciado en la sesión del Congreso el día 3 de julio de 1867 en contra del proyecto de arreglo de las deudas ; Discurso pronunciado en la sesión del día 8 de abril de 1869 de las Cortes Constituyentes sobre el proyecto de Constitución
651 #7 - PUNTO DE ACCESO ADICIONAL DE MATERIA--NOMBRE GEOGRÁFICO
Nombre geográfico España-
Subdivisión general Política y gobierno-
Subdivisión cronológica 1843-1868
Fuente del encabezamiento o término
9 (RLIN) 168642
651 #4 - PUNTO DE ACCESO ADICIONAL DE MATERIA--NOMBRE GEOGRÁFICO
Nombre geográfico España-
Subdivisión general Política y gobierno-
Subdivisión cronológica 1868-1874.
9 (RLIN) 174889
710 1# - ENTRADA AGREGADA--NOMBRE DE ENTIDAD CORPORATIVA
Nombre de entidad corporativa o nombre de jurisdicción como elemento de entrada España.
Unidad subordinada Cortes Generales.
-- Congreso.
9 (RLIN) 3671
710 1# - ENTRADA AGREGADA--NOMBRE DE ENTIDAD CORPORATIVA
Nombre de entidad corporativa o nombre de jurisdicción como elemento de entrada España.
Unidad subordinada Cortes Constituyentes (1869-1871)
9 (RLIN) 172720
852 4# - LOCALIZACIÓN
Ubicación ES-MaACL
Número de control de estantería F-12907
Holdings
Estatus retirado Estado de pérdida Estado de daño No para préstamo Colección Biblioteca de origen Biblioteca actual Ubicación en estantería Fecha de adquisición Fuente de adquisición Total de préstamos Signatura topográfica completa Código de barras Visto por última vez Precio de reemplazo Tipo de ítem Koha
        Libros del s. XIX Biblioteca del Ateneo de Madrid Biblioteca del Ateneo de Madrid Sala Pecera Planta 2 17/01/2008     F-12907 1041757 23/02/2023 23/02/2023 Libro impreso antiguo